000 00382nam a2200145Ia 4500
008 220204s9999 xx 000 0 und d
082 _a678.5:615.9)
_bLEF
100 _aLefaux, Rene
245 0 _aPractical toxicology of plastics
260 _aLondon
_bLife
_c1968
650 _aIndustrial toxicology
650 _aPlastic toxicology
650 _aPolymer toxicology
942 _cBK
999 _c22443
_d22443